000
00201nam a2200085Ia 4500
008
120527s9999 xx 000 0 und d
100
_a
Andreanch, Ralph
245
_a
The New Economic history
942
_c
BK
999
_c
27693
_d
27693